000 00834nam a2200253 i 4500
001 000028842
003 DO-SdBNP
005 20230629111204.0
007 ta
008 110412s1955 dr r 000 0 spa d
040 _aDO-SdBNP
_bspa
_cBNPHU
_erda
082 4 _a917.293
_bP967c, 1955
_222
100 1 _aProta, Pascual
_955830
245 1 0 _aDe Ciudad Trujillo a Nápoles :
_brecuerdo de un viaje /
_cPascual Prota.
264 _aCiudad Trujillo, República Dominicana :
_bImpresora dominicana,
_c1955.
300 _a35 páginas ;
_c19 cm.
336 _2rdacontent
_atexto
_btxt
337 _2rdamedia
_asin mediación
_bn
338 _2rdacarrier
_avolumen
_bnc
590 _aInventariado, 2018/ YL
651 4 _aRepública Dominicana
_xDescripciones y viajes
_91651
910 _aValidado. Control de calidad MFF
942 _2ddc
_cLF2
999 _c28334
_d28334